Statistics for Countries with top 50 theme parks on a map

Click here to take the quiz!

General Stats

  • This quiz has been taken 195 times
  • The average score is 47 of 50

Answers on the Map

Answers color-coded by a green-red scale on the quiz's map according to % correct below.
 

Answer Stats

ParksAnswer% Correct
1United States
99%
17United States
99%
45United States
99%
43United States
99%
42United States
99%
40United States
99%
39United States
99%
38United States
99%
31United States
99%
28United States
99%
22United States
99%
26United States
99%
10United States
99%
12United States
99%
3United States
99%
6United States
99%
7United States
99%
8United States
99%
11United States
99%
13China
98%
49China
98%
46China
98%
37China
98%
36China
98%
35China
98%
30China
98%
29China
98%
32China
98%
50China
98%
15China
98%
18China
98%
20China
98%
33Canada
97%
9France
97%
25France
97%
21Germany
97%
47United Kingdom
97%
34Spain
96%
5Japan
95%
4Japan
95%
19Japan
95%
2Japan
95%
44Italy
94%
48Mexico
94%
41Sweden
82%
24Netherlands
81%
16South Korea
78%
14South Korea
78%
23Denmark
69%
27Singapore
50%

Score Distribution

Percentile by Number Answered

Percent of People with Each Score

Your Score History

You have not taken this quiz